Pixel Art - NFL Team IV Quiz Stats

 Plays Quiz Updated Sep 26, 2018

Score 0/289 Timer 03:00
9 Plays Today
% Correct
98.4%
98.2%
98.1%
98.1%
98%
97.9%
97.8%
97.8%
97.8%
97.7%
97.7%
97.7%
97.7%
97.5%
97.1%
97%
Green Bay
Packers
97%
97%
97%
96.9%
96.9%
96.8%
96.7%
96.7%
96.6%
96.5%
96.5%
96.5%
96.5%
96.5%
96.5%
96.5%
96.4%
96.4%
96.4%
96.4%
96.3%
96.3%
96.3%
96.3%
96.3%
96.2%
96.2%
96.2%
96.2%
96.1%
96.1%
96%
96%
96%
95.9%
95.9%
95.9%
95.9%
95.8%
95.8%
95.8%
95.8%
95.8%
95.8%
95.7%
95.6%
95.6%
95.6%
95.5%
95.5%
95.5%
95.5%
95.5%
95.5%
95.4%
95.4%
95.4%
95.3%
95.3%
95.3%
95.3%
95.3%
95.3%
95.3%
95.3%
95.3%
95.3%
95.2%
95.2%
95.1%
95.1%
95.1%
95.1%
95.1%
95.1%
95.1%
95.1%
95.1%
95.1%
95%
95%
% Correct
94.9%
94.9%
94.9%
94.8%
94.8%
New England
Patriots
94.8%
94.8%
94.8%
94.8%
94.8%
94.8%
94.8%
94.7%
94.7%
94.7%
94.7%
94.7%
94.7%
94.7%
94.7%
94.7%
94.6%
94.6%
94.6%
94.6%
94.6%
94.6%
94.6%
94.5%
94.5%
94.5%
94.5%
94.5%
94.5%
94.5%
94.5%
94.5%
94.4%
94.4%
94.4%
94.4%
94.4%
94.4%
94.4%
94.4%
94.4%
94.4%
94.3%
94.3%
94.3%
94.3%
94.3%
94.3%
94.3%
94.3%
94.3%
94.3%
94.3%
94.2%
94.2%
94.2%
94.2%
94.2%
94.2%
94.2%
94.2%
94.2%
94.2%
94.2%
94.1%
94.1%
94.1%
94%
94%
94%
94%
94%
94%
94%
93.9%
93.9%
93.9%
93.9%
93.9%
93.9%
93.8%
93.8%
93.7%
93.7%
93.6%
93.6%
93.5%
93.5%
93.5%
93.4%
93.4%
93.4%
% Correct
93.4%
93.3%
93.3%
93.2%
93.3%
93.2%
93.1%
93.1%
93.1%
93.1%
93%
93%
93%
93%
93%
93%
93%
92.9%
92.9%
92.9%
92.9%
92.9%
92.8%
92.8%
92.8%
92.7%
92.7%
92.6%
New York
Giants
92.6%
92.5%
92.5%
92.5%
92.5%
92.5%
92.4%
92.4%
92.4%
92.4%
92.4%
92.4%
92.4%
92.4%
92.3%
92.3%
92.3%
92.2%
92.1%
92.1%
92.1%
92.1%
New York
Jets
92%
92%
Cleveland
Browns
91.9%
91.9%
91.9%
91.8%
91.7%
91.7%
Miami
Dolphins
91.7%
91.7%
Dallas
Cowboys
91.7%
91.5%
91.5%
91.5%
91.5%
91.3%
Pittsburgh
Steelers
91.1%
Los Angeles
Rams
91%
Chicago
Bears
91%
Philadelphia
Eagles
90.7%
Minnesota
Vikings
90.6%
Detroit
Lions
90%
Seattle
Seahawks
90%
Oakland
Raiders
89.8%
Cincinnati
Bengals
89.4%
San Francisco
49ers
89.3%
Baltimore
Ravens
89%
Houston
Texans
88.8%
Atlanta
Falcons
88.7%
Los Angeles
Chargers
88.6%
New Orleans
Saints
88.2%
Washington
Redskins
87.9%
Arizona
Cardinals
87.9%
87.9%
Carolina
Panthers
87.9%
Buffalo
Bills
87.8%
Denver
Broncos
87.8%
Kansas City
Chiefs
87.4%
Jacksonville
Jaguars
87.1%
Indianapolis
Colts
87%
Tennessee
Titans
86.8%
86.6%
86.6%
Tampa Bay
Buccaneers
86.6%
Team Helmet: Green Bay Packers
66.5%

You're not logged in!

Compare scores with friends on all Sporcle quizzes.
OR
Log In

Sporcle TV

Today on Sporcle TV


Watch our educational content, quiz creation guides, and fun videos on Sporcle TV.

Show Comments

Extras

Top Quizzes Today


Score Distribution

Your Account Isn't Verified!

In order to create a playlist on Sporcle, you need to verify the email address you used during registration. Go to your Sporcle Settings to finish the process.

Report this User

Report this user for behavior that violates our Community Guidelines.

Details: